Škoda Models - Statistics

General Stats
  • This quiz has been taken 127 times
  • The average score is 10 of 20
Answer Stats
Picture Answer % Correct
Octavia
96%
Fabia
95%
Superb
86%
Kodiaq
78%
Karoq
76%
Yeti
68%
Felicia
62%
Kamiq
61%
Citigo
60%
Roomster
59%
Rapid
57%
Scala
57%
Enyaq
55%
Favorit
39%
100
35%
130
22%
Praktik
14%
110R
10%
1000MB
9%
Garde
5%
No matching quizzes found
Score Distribution
Percent of People with Each Score
Percentile by Number Answered
Your Score History
You have not taken this quiz